(KHMER) Space / (Record no. 50017)
| 000 -LEADER | |
|---|---|
| fixed length control field | 00363nam a2200133 4500 |
| 020 ## - INTERNATIONAL STANDARD BOOK NUMBER | |
| International Standard Book Number | 9789924589907 |
| 100 ## - MAIN ENTRY--PERSONAL NAME | |
| Personal name | Meng Chea Sodawangsi |
| 9 (RLIN) | 87062 |
| 245 ## - TITLE STATEMENT | |
| Title | (KHMER) Space / |
| Statement of responsibility, etc | Meng Chea Sodawangsi |
| 260 ## - PUBLICATION, DISTRIBUTION, ETC. (IMPRINT) | |
| Place of publication, distribution, etc | Cambodia |
| Name of publisher, distributor, etc | Mindbooks Publishing |
| Date of publication, distribution, etc | 2024 |
| 300 ## - PHYSICAL DESCRIPTION | |
| Extent | 31 p. |
| Other physical details | col. ill. |
| Dimensions | 20 cm. |
| 490 ## - SERIES STATEMENT | |
| Series statement | Mindkids: S-04 |
| 650 ## - SUBJECT ADDED ENTRY--TOPICAL TERM | |
| Topical term or geographic name as entry element | Space |
| 9 (RLIN) | 68224 |
| 942 ## - ADDED ENTRY ELEMENTS (KOHA) | |
| Source of classification or shelving scheme | |
| Koha item type | Book |
| Withdrawn status | Lost status | Source of classification or shelving scheme | Damaged status | Not for loan | Collection code | Home library | Current library | Shelving location | Date acquired | Total Checkouts | Full call number | Barcode | Date last seen | Date checked out | Price effective from | Koha item type |
|---|---|---|---|---|---|---|---|---|---|---|---|---|---|---|---|---|
| Siem Riep | Asian Hope Siem Reap | Asian Hope Siem Reap | SECONDARY | 01/12/2026 | 1 | KHMER 520 MEN | 209872 | 04/23/2026 | 04/09/2026 | 01/12/2026 | Book |